00753 2200229 4500001002100000005001700021008004100038035002500079040001200104082001500116084002000131100002300151245011700174260005800291300003000349500006300379504002500442650001300467700001300480850001200493990001800505INLIS00000000001009720150813144556.0  a0010-081500000001535 aYOPDYOG 223a616.84 aSK 616.84 Nur G aNUR Wulan Agustina aGambaran aktivitas para lanjut usia saat mengalami insomnia di Desa Gombang, Cawas, Klatenc/ Nur Wulan Agustina aYogyakartabUniversitas Muhammadiyah Yogyakartac2006 axii, 57 lembarc; 29,5 cm aSkripsi Program Studi Ilmu Keperawatan Fakultas Kedokteran aBibliografi: hlm. 57 aInsomnia aPURWANTA aYOPDYOG a48136-PD/A.15